| 000 | 00510nam a22001577a 4500 | ||
|---|---|---|---|
| 020 | _qHard Cover. | ||
| 082 | _a004 | ||
| 100 | _aImtiaz, Sara | ||
| 245 |
_aProposing a user centered design pattern for open source software (OSS)/ _cSara Imtiaz. |
||
| 260 |
_aIslamabad: _bMCS - NUST, _c2013. |
||
| 300 |
_a150 p. : _bill.; _c30cm. |
||
| 650 |
_aComputer Software Engineering MS-Thesis. _916105 |
||
| 700 |
_aDr. Naveed Rao _935337 |
||
| 942 |
_2ddc _cTHE |
||
| 999 |
_c541021 _d541021 |
||